El cine español de los 90 / (Record no. 11117)

MARC details
000 -LEADER
campo de control de longitud fija 00591nam a22002175i 4500
001 - NÚMERO DE CONTROL
campo de control 11117
003 - IDENTIFICADOR DE NÚMERO DE CONTROL
campo de control ES-MaACL
005 - FECHA Y HORA DE LA ÚLTIMA TRANSACCIÓN
campo de control 20230906150030.0
008 - DATOS DE LONGITUD FIJA--INFORMACIÓN GENERAL
campo de control de longitud fija 941212s1993 sp 00100 spa
020 ## - NÚMERO INTERNACIONAL ESTÁNDAR DEL LIBRO
Número Internacional Estándar del Libro 84-85741-81-1
080 ## - NÚMERO DE LA CLASIFICACIÓN DECIMAL UNIVERSAL
Número de la Clasificación Decimal Universal 791.43(460)
100 1# - ENTRADA PRINCIPAL--NOMBRE DE PERSONA
Nombre de persona Juan Payán, Miguel.
9 (RLIN) 67131
245 13 - MENCIÓN DEL TÍTULO
Título El cine español de los 90 /
Mención de responsabilidad, etc. Miguel Juan Payán.
260 ## - PUBLICACIÓN, DISTRIBUCIÓN, ETC.
Lugar de publicación, distribución, etc. Madrid :
Nombre del editor, distribuidor, etc. J.C.,
Fecha de publicación, distribución, etc. [1993]
300 ## - DESCRIPCIÓN FÍSICA
Extensión 155 p ;
Dimensiones 20 cm.
490 1# - MENCIÓN DE SERIE
Mención de serie Imágenes ;
Designación de volumen o secuencia 16
650 ## - PUNTO DE ACCESO ADICIONAL DE MATERIA--TÉRMINO DE MATERIA
Término de materia o nombre geográfico como elemento de entrada Cine-
Subdivisión geográfica España.
9 (RLIN) 11025
830 1# - PUNTO DE ACCESO ADICIONAL DE SERIE-TÍTULO UNIFORME
Título uniforme Imágenes ;
Designación de volumen o secuencia 16
9 (RLIN) 178651
852 ## - LOCALIZACIÓN
Ubicación ES-MaACL
Número de control de estantería L-18365
Holdings
Estatus retirado Estado de pérdida Estado de daño No para préstamo Biblioteca de origen Biblioteca actual Ubicación en estantería Fecha de adquisición Fuente de adquisición Total de préstamos Signatura topográfica completa Código de barras Visto por última vez Precio de reemplazo Tipo de ítem Koha
        Biblioteca del Ateneo de Madrid Biblioteca del Ateneo de Madrid Depósito 2 17/01/2008     L-18365 1011336 23/02/2023 23/02/2023 Libro impreso